[Event "Biel MTO op 45th"]
[Site "Biel"]
[Date "2012.07.24"]
[Round "2"]
[White "Lang, Torsten"]
[Black "Roiz, Michael"]
[Result "0-1"]
[WhiteElo "2374"]
[BlackElo "2615"]
[Annotator "Roiz,M"]
[PlyCount "88"]
[EventDate "2012.07.23"]
[EventType "swiss"]
[EventRounds "11"]
[EventCountry "SUI"]
[SourceTitle "CBM 149 Extra"]
[Source "ChessBase"]
[SourceDate "2012.08.24"]
[SourceVersion "1"]
[SourceVersionDate "2012.08.24"]
[SourceQuality "1"]

1. d4 Nf6 2. Nf3 d5 3. Bf4 c5 4. e3 Nc6 5. c3 {I expected that solid choice by
Torsten, since he usually avoids the main lines against higher rated opponents.
} Nh5 $5 {Quite a rare move which forces White to give up his bishop.} ({
Most of the games have seen} 5... Qb6 6. Qb3 c4 7. Qc2 Bf5 8. Qc1 {with a
complicated strategic battle.}) 6. Bg5 $6 {Provoking some activity on the
kingside. However, now we get a theoretical poisition from D12 with reversed
colours!} ({I would prefer} 6. Be5 $142) ({or} 6. Bg3 $142 $11) 6... h6 7. Bh4
g5 8. Bg3 (8. Ne5 $6 Nxe5 9. dxe5 Ng7 10. Bg3 Nf5 $15 11. Bb5+ Bd7 12. Qa4 Bg7
$15 {0-1 Villamayor,B (2471)-So,W (2627)/Dapitan 2009/CBM 129 Extra (24)}) 8...
Nxg3 9. hxg3 e6 $146 {This is the most natural move, but oficially it's a
novelty!} ({At the same time, it looks like Black could immediately seize the
initiative by energetic play:} 9... g4 $5 10. Ng1 (10. Nfd2 e5 $15) (10. Nh4 h5
11. Nd2 e6 $15 {[%csl Rh4]}) 10... e5 11. dxe5 Qb6 $1 (11... Be6 12. Ne2 $132 {
[%cal Ge2f4]}) 12. Qb3 Nxe5 13. Qxd5 Qxb2 14. Qxe5+ Be6 15. Bb5+ Qxb5 16. Na3
Qb2 17. Rd1 Rh7 18. Nc4 Qxa2 19. Nd6+ Bxd6 20. Qxd6 Qa5 $15) (9... Bg7 10. Nbd2
e5 11. dxe5 g4 12. Nh4 O-O 13. Bd3 d4 14. Nc4 $132 {1-0 Matovic,P (2242)-Pisk,
P (2382)/Brno 2001/EXT 2003 (46)}) 10. Bb5 $5 {A logical attempt to get
control of the e5-square for the Nf3.} ({If we can change the colour of pieces
- you can find hundreds of games after} 10. Nbd2) 10... Qb6 (10... Bd7 11. Bxc6
Bxc6 12. Ne5 Bb5 $6 13. Na3 $36) (10... Bd6 11. dxc5 Bxc5 12. c4 $132) 11. Qe2
Bg7 12. Ne5 $1 {That looks risky for White, but there was no other way to get
some counterplay.} (12. Nbd2 Bd7 13. dxc5 Qxc5 14. Nb3 Qb6 15. O-O-O O-O-O $15
{is just slightly better for Black due to the pair of bishops.}) 12... Bxe5 ({
I also considered} 12... Ke7 $5 13. f4 Nxe5 14. fxe5 Rf8 15. O-O f6 16. exf6+
Bxf6 $132 {which leads to double-edged play.}) 13. dxe5 Bd7 14. Bxc6 $8 (14. f4
Nxe5 15. Bxd7+ Nxd7 16. fxg5 O-O-O 17. gxh6 e5 18. h7 Qg6 $17) 14... Bxc6 15.
Na3 $1 {The knight is not placed well, but it restricts Black's possibilites.}
O-O-O 16. O-O-O {Both sides have completed their mobilisation. Black should
push d5-d4 at some moment.} Qc7 (16... Kb8 $5 17. Kb1 (17. Nc2 Rdf8 18. Kb1 f6
19. exf6 Rxf6 20. e4 dxe4 21. Ne3 $44) 17... d4 18. exd4 Bxg2 19. dxc5 Qxc5 20.
Rhe1 $11) 17. f4 d4 {Now the position becomes sharper, as White's knight
reaches a strong outpost.} 18. Nc4 ({After} 18. Nb5 {Black could choose between
} {or} Bxb5 (18... Qa5 $5 19. Nd6+ Rxd6 20. exd6 Qxa2 21. cxd4 cxd4 $44 {
getting good compensation for the sacrificed material} (21... c4 $5)) 19. Qxb5
dxe3 20. Qe2 $11) 18... Kb8 {Keeping the pressure on.} ({I didn't like the
following simplifications:} 18... dxc3 19. Rxd8+ Rxd8 (19... Qxd8 20. Nd6+ Kb8
21. bxc3 Rg8 22. Rxh6 (22. Nxf7 Qa5 23. Qd2 gxf4 24. exf4 Bd5 $36) 22... gxf4
23. gxf4 Rxg2 24. Qh5 Rg1+ 25. Kd2 a6 26. Qxf7 Rg2+ 27. Kc1 Ka7 28. Qxe6 Qa5
29. Qb3 Bd5 30. Nxb7 Bxb7 31. Rh7 $11) 20. Nd6+ Kb8 21. bxc3 f6 22. Rxh6 gxf4
23. exf4 Qg7 24. Rh3 fxe5 25. Qxe5 Qxe5 26. fxe5 $11) 19. Nd6 {The most
straightforward.} ({White had some alternatives at his disposal:} 19. fxg5 $5
dxc3 (19... hxg5 20. Rxh8 Rxh8 21. exd4 Bb5 22. b3 {White is not worse}) 20.
Rxd8+ Qxd8 21. gxh6 cxb2+ 22. Kxb2 $13) (19. exd4 cxd4 20. fxg5 Bb5 21. b3 Bxc4
22. Qxc4 $11) 19... dxc3 20. bxc3 {[%csl Rc3,Gd6] The position is balanced.
The pawn structure around White's monarch isn't solid, but the strong Nd6 puts
unpleasant pressure on Black's camp.} f6 (20... gxf4 21. exf4 f6 22. Rd3 $11)
21. c4 $138 {[%cal Ge2b2] White tries to keep control of Pe5 at any cost.} ({
At the same time my opponent could change the character of our fight:} 21. fxg5
$5 fxe5 (21... hxg5 22. Rxh8 Rxh8 23. exf6 Ba4 24. Rd2 Rh1+ 25. Kb2 Qb6+ 26.
Ka3 Rb1 27. Rb2 Qa5 28. Nc4 Qxc3+ 29. Kxa4 Rxb2 30. Qxb2 Qxc4+ 31. Ka3 $11) 22.
Rxh6 Rhg8 23. Rxe6 Qa5 24. Kb2 Rxg5 25. Nc4 Qb5+ 26. Ka1 $11) 21... Qg7 (21...
fxe5 $5 22. fxe5 h5 23. e4 Qg7 24. Qb2 h4 25. Rhf1 $13 {[%cal Gf1f6] isn't
clear either.}) 22. Qb2 Rhf8 ({My first intention was} 22... gxf4 23. exf6 Qxg3
24. Qe5 Qxe3+ 25. Qxe3 fxe3 {but finally I realised that after} 26. Nf7 $1
Rxd1+ 27. Rxd1 Rc8 28. Ne5 $11 {[%csl Ge5,Gf6] White is out of risk due to his
strong passed pawn.}) 23. exf6 ({White could also keep the tension:} 23. Rd2 $5
gxf4 24. gxf4 Rd7 $11) 23... Qxf6 24. Qxf6 $6 {This move only gives Black
something of a chance.} ({A logical continuation of White's strategy could be} 
24. Qe5 $1 Qxe5 25. fxe5 Rf2 26. Rd2 Rdf8 27. Rxh6 Rxd2 28. Kxd2 Rf2+ 29. Kc3
Rxa2 30. Rxe6 Rxg2 31. Rg6 Rxg3 32. Kd3 Rg1 33. Rg8+ Kc7 34. Rg7+ Kb6 35. Nc8+
Ka6 36. e6 $132) 24... Rxf6 $15 {Now the Nd6 is not stable anymore.} 25. Nb5 (
25. Rd2 a6 $15) 25... Rg8 {My opponent didn't have much time left on his clock,
so I just wanted to keep more pieces on the board.} (25... Rxd1+ $5 26. Rxd1
Rf8 27. Rh1 a6 28. Nc3 Rf6 $15) 26. fxg5 hxg5 27. Rh7 $6 {Too risky!} (27. Rd2
{White should take care of his weak pawns:} a6 28. Nc3 Rgf8 $15) 27... a6 (
27... Bxg2 28. Rg7 Rff8 29. Rxg8 Rxg8 30. Rd7 a6 31. Nd6 Bc6 32. Re7 $15) 28.
Nc3 (28. Rg7 Rff8 29. Rxg8 Rxg8 30. Nc3 Kc7 $17) 28... Rf2 $6 $138 {A waste of
time!} ({A much stronger move was} 28... Bxg2 $1 29. Na4 (29. Rdd7 Bc6 30. Rde7
Rd8 $1 $19) 29... Rf5 $1 30. Rd6 Re5 $1 {keeping the extra pawn} 31. Nb6 Rxe3
32. Nd7+ Ka8 $17) 29. Rd2 Rgf8 30. Rg7 $1 Rxd2 31. Kxd2 Rf2+ 32. Kd3 (32. Kd1
Rxg2 33. Rxg5 Kc7 $15) 32... Bxg2 $1 {The only was to pose some problems...} (
32... b5 33. cxb5 axb5 34. Rxg5 c4+ 35. Kd4 b4 36. Rc5 $1 Kc7 37. Ne4 Rc2 38.
Rxc4 Rxc4+ 39. Kxc4 Bxe4 40. Kxb4 $11) 33. Rxg5 $4 {It's unbelievable, but
this natural move is losing by force!} ({Being under such time pressure it was
very difficult to find} 33. Na4 $1 Bf1+ 34. Kc3 Rf5 35. Nb6 $15 {which could
practically save the game! As we can see, all White's pieces are very active,
so it's not easy to make any progress.}) 33... Bf1+ 34. Ke4 Rc2 $1 {That is
the point! Before winning the pawn, Black forces White to retreat.} (34... b6
$2 35. Ke5 $1 Rd2 36. Ne4 Rxa2 37. Kd6 $132) (34... Bxc4 $2 35. Rxc5 Bxa2 36.
Nxa2 Rxa2 37. g4 $132) 35. Nd1 Be2 ({Also good enough was} 35... Bxc4 36. g4 b5
37. Rg8+ Kc7 38. g5 b4 $19) 36. Nf2 Bxc4 37. Ng4 Bxa2 $19 {The rest is clear:
Black is 2 pawns up and he will advance them much faster.} 38. Nf6 c4 39. Rc5
Rd2 40. g4 b6 41. Rc6 Kb7 42. Rxe6 c3 43. Re7+ Kc6 44. Ne8 Rd7 0-1

[Event "Tallinn zt"]
[Site "Tallinn"]
[Date "1998.??.??"]
[Round "?"]
[White "Rozentalis, Eduardas"]
[Black "Rytshagov, Mikhail"]
[Result "1-0"]
[WhiteElo "2575"]
[BlackElo "2565"]
[Annotator "Rozentalis,E"]
[PlyCount "79"]
[EventDate "1998.07.??"]
[EventType "tourn"]
[EventRounds "9"]
[EventCountry "EST"]
[SourceTitle "CBM 066"]
[Source "ChessBase"]
[SourceDate "1998.09.30"]
[SourceVersion "1"]
[SourceVersionDate "1998.09.30"]
[SourceQuality "1"]

1. d4 Nf6 2. Nf3 d5 3. Bf4 c6 4. e3 Qb6 5. b3 (5. Qc1 {The more usual reaction
not weakening the black squares.}) 5... Bf5 6. Be2 e6 (6... Qa5+ {M.Rytchagov}
7. Nfd2 (7. c3 Bxb1 8. Rxb1 Qxc3+) (7. Nbd2 Ne4 8. Z0 Nc3) 7... e6) 7. Nh4 Bb4+
8. Kf1 Bg6 9. Nxg6 fxg6 $2 {With the idea to open the f-file. But this weakens
e6 badly and whites king is safe and not in a reach of black.} 10. c3 Be7 11.
Nd2 Nbd7 12. g4 $1 O-O $2 {The position becomes hopeless for blackafter this.}
(12... h6 $142 13. h4 $16) 13. g5 Ne8 14. Bg4 c5 15. Nf3 Rd8 16. h4 Rf7 17. Kg2
{Blacks pieces are stuck and white can strengthen his forces for the final
attack.} a5 18. Qd3 cxd4 19. cxd4 Ba3 20. Ne5 Nxe5 21. Bxe5 Kf8 22. h5 gxh5 23.
Rxh5 g6 24. Rh2 $6 (24. Rh3 $142 {was more precise, not allowing the next move.
}) 24... Bd6 $1 25. Rah1 {White now is obliged to sacrifice a piece. However,
this sacrifice is winning.} ({as extra pawn after} 25. Bxe6 Bxe5 26. Bxf7 Bxh2
27. Bxe8 Rxe8 28. Kxh2 {might be insufficient.}) (25. Rah1 Bxe5 26. dxe5 Rdd7 {
leads to a solid castle.}) 25... Bxe5 26. Rxh7 Rxh7 (26... Bg7 27. Qxg6 Rd6 28.
Rh8+ Bxh8 29. Rxh8+ Ke7 30. Bh5 $18) 27. Rxh7 Bg7 28. Qxg6 Qc7 (28... Ke7 {
Looses after} 29. Rxg7+ Nxg7 30. Qxg7+ Kd6 31. Qf7 $18) 29. Bxe6 Rd6 30. a4 $22
b6 31. Qf5+ Ke7 32. Bxd5 Qd7 33. Qxd7+ Rxd7 34. Bc4 {Finally white has four
pawns for the knight, what is enough to win the game.} Kf8 35. f4 Nd6 36. Be6
Re7 37. d5 Rc7 38. Kf3 Rc3 39. f5 Bd4 40. f6 1-0

[Event "Moscow op-A 14th"]
[Site "Moscow"]
[Date "2018.02.03"]
[Round "8"]
[White "Nabaty, Tamir"]
[Black "Lomasov, Semen"]
[Result "0-1"]
[WhiteElo "2658"]
[BlackElo "2530"]
[Annotator "Sadorra,J"]
[PlyCount "108"]
[EventDate "2018.01.27"]
[EventType "swiss"]
[EventRounds "9"]
[EventCountry "RUS"]
[SourceTitle "CBM 183"]
[Source "ChessBase"]
[SourceDate "2018.03.14"]
[SourceVersion "1"]
[SourceVersionDate "2018.03.14"]
[SourceQuality "1"]

{This game occurred in the critical 8th round of this year's Moscow Open where
the top seed and very experienced GM Nabaty was leading the field by a half
point and one of the players trying to catch him was the 15-year-old IM
Lomasov. Needless to say, the result of this game could almost determine the
eventual winner of this prestigious event.} 1. d4 e6 2. Bf4 c5 3. e3 d5 4. Nf3
Nf6 5. Nbd2 Nc6 6. c3 cxd4 7. exd4 Nh5 {This modern variation of the London
System was covered in-depth by the theory-buff IM Robert Ris in one of the CBM
180 Surveys.} 8. Bg5 ({The other popular move here is} 8. Be3) 8... f6 9. Be3
Bd6 10. g3 O-O 11. Bb5 $5 $146 {White prepares to fight for the e5-square
after an eventual f6-f5 from Black.} ({Another playable and interesting idea
here is} 11. Bd3 f5 (11... Qe8 12. Be2 $1) 12. Ne5 Nf6 13. Ndf3 {which is also
covered more by IM Ris in his aforementioned survey.}) ({The first outing of
this line went} 11. Bg2 $6 f5 12. Ne5 f4 $1 $36 {after which Black got a
strong intiative in 1/2-1/2 (56) Giri,A (2771)-So,W (2794) London ENG 2016.})
11... g6 $1 {I like this solid move which plans to re-route the offside knight
later to f5.} (11... f5 $5 12. Ng5 (12. Nb3 f4 13. Bd2 fxg3 (13... Nf6 $5) 14.
hxg3 Nxg3 15. fxg3 Bxg3+ 16. Ke2 $1 Qf6 $1 (16... e5 17. Rg1 $1 Rxf3 18. Kxf3
Bg4+ 19. Kxg3 Bxd1 20. Raxd1 $13) 17. Qf1 e5 18. Qg2 $13) 12... Nf6 (12... g6
13. f4 $11) 13. Nb3 a6 14. Bxc6 bxc6 15. Bf4 $5 {with a complex middlegame.})
12. O-O Ng7 13. Re1 Bd7 ({Also good is} 13... Nf5 14. Nf1 a6 15. Bd3 Nxe3 16.
Nxe3 Bd7 {and Black is fine in this unusual and complex middlegame.}) 14. c4 $6
({It was better to prepare c4 first with} 14. Bd3 Ne7 {[%cal Gb7b5]} 15. c4
Ngf5 16. c5 Bc7 17. b4 g5 $5 $11 (17... a6 18. a4 g5 $5 $132)) 14... a6 15. Ba4
Re8 ({A more convincing and energetic try is} 15... b5 $1 16. cxb5 axb5 17.
Bxb5 Nb4 18. Bxd7 Qxd7 {[%csl Ra2,Rd3]} 19. Qb3 Rfc8 $15 {Black will
eventually win back the pawn and end up with a better pawn structure.}) 16. Bb3
Ne7 17. cxd5 Nxd5 18. Ne4 Bc6 {Black has a healthy position and should be
happy with the way the opening turned out. Due to his more coordinated pieces,
I think it's even slightly easier to play Black.} 19. Rc1 Rc8 20. Bd2 b6 {
This keeps any white piece especially a knight away from c5, but it's probably
not necessary.} (20... Be7 21. Nc5 Bxc5 22. Rxc5 Qd6 23. Qe2 b6 24. Rcc1 Bb5
$11) 21. h4 Be7 22. Nh2 h5 {Black now keeps g4 under control, preventing any
kingside shenanigans from happening, which could start when a White knight
gets to g4.} 23. g4 $5 {White will not be denied active play and initiates an
attacking pawn break!} f5 $6 {An overreaction. This gives the enemy pieces
some juicy squares on the kingside.} ({It was better to prepare for the
oncoming onslaught and ask what White will really do next.} 23... Qd7 24. gxh5
Nxh5 25. Ng4 (25. Ng3 Nxg3 26. fxg3 f5) 25... Rf8 $13) (23... Bb7 24. gxh5 Rxc1
25. Qxc1 Nxh5 26. Ng4 $6 Kg7 $1 {[%cal Ge8h8]} 27. Bh6+ Kh7 $15) 24. Ng5 Bxg5
25. Bxg5 Qd6 26. Nf3 {A logical move in this highly complex middlegame. White
wants to quickly improve all his pieces by putting them on good squares.
However, by allowing an enemy pawn on g4 and pawn phalanx to be created around
his king, Black also gets real counterchances.} ({The way to keep better
chances is} 26. gxh5 $1 Nxh5 27. Nf3 Nhf4 28. Bxf4 Nxf4 (28... Qxf4 29. Ne5 Bb7
30. Rxc8 Rxc8 31. Nxg6 Qh6 (31... Qd6 32. Qh5 $18) 32. Rxe6 $40) 29. Ne5 $14 {
[%csl Re6,Rg5,Rg6] However I do not blame White for not seeing this as the
final position seems unclear and even uncomfortable for the white king. Only a
deep and closer look will reveal that Black doesn't have any counter-attack to
compensate for the long-term weaknesses he has. Here's one way the game could
continue.} Kg7 30. Qd2 g5 31. Rxc6 $1 Rxc6 32. hxg5 $1 {An important
intermediate move.} Nd5 (32... Nh3+ 33. Kg2 $18) 33. Nxc6 Qxc6 34. Re5 $16)
26... hxg4 27. Ne5 Kh7 28. Nf7 Qd7 29. Ne5 Qd6 30. Nf7 Qb8 31. Ne5 {I think
it's clear that Nabaty is willing to take a draw in this unclear middlegame
situation.} Qa8 $5 {However, the young Russian chooses to fight on!} 32. f3 $1
{The top seed of the event clearly got the message and readily accepts the
challenge to a full-blooded fight!} gxf3 33. h5 $5 {Very admirable from a
fighting and creative perspective, but I think it's also a good practical
decision as Black has to defend accurately in the next few moves.} ({The way
to keep control of the situation is to simply take back and play solid moves} 
33. Qxf3 Nh5 34. Qd3 $11 (34. Qf1 $11)) 33... Nxh5 34. Kf2 {This was part of
White's idea to quickly bring the heavy artillery on to the h-file and blast
open the way to the black king.} (34. Qxf3 Bb7 35. Qh3 Rxc1 36. Rxc1 Rc8 37.
Re1 {[%cal Rb3d1]} Rh8 38. Nxg6 Kxg6 39. Rxe6+ Nhf6 40. Qg2 $1 Qg8 (40... Kf7
41. Rxf6+) 41. Bxf6+ Kf7 42. Rxb6 $16) 34... Ndf6 $6 {It's easy to criticise
whenever one sees the engine screaming a high-number evaluation, but I think
this move is humanly understandable and the refutation to it is not that easy
to spot ove the board.} ({The best way to continue according to the engine is} 
34... Bb7 {But it's not easy to find the best follow-up after White's natural
attacking moves.} 35. Rh1 Rg8 $1 (35... Rh8 36. Rxh5+ $1 gxh5 37. Qh1 Kg7 38.
Rg1 Kf8 39. Qh4 {with a winning attack.}) 36. Bxd5 (36. Qxf3 Ndf6) 36... Bxd5
37. Bf6 $13) 35. Bxf6 Nxf6 36. Rh1+ ({The only and difficult way to win could
be achieved with the idea of taking the queen to g5:} 36. Qd2 $3 Kg7 (36... Qb7
37. Qg5 Qg7 38. Nxc6 $18) (36... Nh5 37. Qg5 Rg8 38. Rh1 $18 {Black cannot
defend all his weaknesses.}) 37. Qg5 Ng4+ 38. Nxg4 fxg4 39. Rh1 $18 (39. Qe5+
Kf7 40. Rh1 $18)) 36... Kg7 37. Qg1 ({Unfortunately bringing the queen to the
attack via d2 is no longer possible due to a fork:} 37. Qd2 Ne4+ $19) 37...
Ne4+ 38. Ke3 g5 {The previous moves were almost forced and now the game is
crazily unclear where all three results are possible!} 39. Rh5 f4+ 40. Kd3 $2 {
White is the first to go wrong here, and it's not uncommon to see it on the
40th move.} ({The only move to keep equal fighting chances was the
scary-looking:} 40. Kxf3 $1 Bb7 41. Ke2 Ng3+ 42. Kd2 Rxc1 (42... Nxh5 43. Qxg5+
) 43. Rxg5+ Kf8 44. Ng6+ Kf7 45. Ne5+ Kf8 46. Ng6+ $11) 40... Bb5+ 41. Bc4 Rxc4
$1 $19 42. Rxg5+ (42. Nxc4 Qd5 $1 {[%csl Rc4,Rd3,Rd4,Gg5][%cal Ge8d8,Gf3f2,
Gd5g5,Ge4g5] with a decisive attack.}) 42... Kf6 43. Rg6+ Ke7 44. Rg7+ Kd8 {
Now White's checks are out and Black fully takes over the game with his strong
pawns and pieces.} 45. Nxc4 f2 46. Qf1 Qd5 47. b3 Qf5 ({Another forcing way to
win is} 47... Ng3 48. Qxf2 (48. Qh3 Bxc4+ 49. bxc4 Qe4+ 50. Kc3 Ne2+ $19) 48...
Qf5+ 49. Kc3 (49. Kd2 Ne4+) 49... Ne4+ $19) 48. Qg2 Bxc4+ 49. bxc4 Nc5+ 50. Kc3
Qd3+ 51. Kb4 Qd2+ 52. Rc3 Qb2+ 53. Rb3 Nd3+ 54. Ka4 Qxa2+ {with mate coming
next move, White resigned. A very interesting fight in a complicated
middlegame played by both players and a deserving victory to the young Russian
who eventually won this year's edition of Moscow Open!} 0-1